000 00369nam a2200133Ia 4500
008 150202s9999 xx 000 0 und d
020 _a440415632
050 _aFIC
_bFIC
100 _aSelden, George.
245 4 _aThe cricket in times square /
_cGeorge Selden.
260 _aNew York :
_bYearling Books,
_c1970.
300 _a149 pages :
_c19 cm.
650 _aFiction.
999 _c282391
_d282391